| 000 -LEADER |
| fixed length control field |
01286cam a2200349 i 4500 |
| 001 - CONTROL NUMBER |
| control field |
11557494 |
| 005 - DATE AND TIME OF LATEST TRANSACTION |
| control field |
20170105102425.0 |
| 006 - FIXED-LENGTH DATA ELEMENTS--ADDITIONAL MATERIAL CHARACTERISTICS |
| fixed length control field |
m d |
| 007 - PHYSICAL DESCRIPTION FIXED FIELD--GENERAL INFORMATION |
| fixed length control field |
cr n |
| 008 - FIXED-LENGTH DATA ELEMENTS--GENERAL INFORMATION |
| fixed length control field |
150901s2015 cc |||||s|||||||1|||eng d |
| 020 ## - INTERNATIONAL STANDARD BOOK NUMBER |
| International Standard Book Number |
9781449362171 |
| 020 ## - INTERNATIONAL STANDARD BOOK NUMBER |
| International Standard Book Number |
9781449362188 (print) |
| 035 ## - SYSTEM CONTROL NUMBER |
| System control number |
(WaSeSS)ssib022480407 |
| 040 ## - CATALOGING SOURCE |
| Original cataloging agency |
WaSeSS |
| Language of cataloging |
eng |
| Description conventions |
rda |
| Transcribing agency |
WaSeSS |
| Modifying agency |
WaSeSS |
| 050 #4 - LIBRARY OF CONGRESS CALL NUMBER |
| Classification number |
QA76.774.A53 |
| 082 ## - DEWEY DECIMAL CLASSIFICATION NUMBER |
| Classification number |
005.1 GRI |
| 100 1# - MAIN ENTRY--PERSONAL NAME |
| Personal name |
Griffiths, Dawn, |
| Relator term |
author. |
| 210 10 - ABBREVIATED TITLE |
| Abbreviated title |
Head first : |
| 245 10 - TITLE STATEMENT |
| Title |
Head first :Android development |
| Statement of responsibility, etc. |
Dawn Griffiths, David Griffiths. |
| 260 ## - PUBLICATION, DISTRIBUTION, ETC. |
| Place of publication, distribution, etc. |
Beijing |
| Name of publisher, distributor, etc. |
O'Reilly |
| Date of publication, distribution, etc. |
2015 |
| 500 ## - GENERAL NOTE |
| General note |
Includes index. |
| 506 ## - RESTRICTIONS ON ACCESS NOTE |
| Terms governing access |
License restrictions may limit access. |
| 630 00 - SUBJECT ADDED ENTRY--UNIFORM TITLE |
| Uniform title |
Android (Electronic resource) |
| 650 #0 - SUBJECT ADDED ENTRY--TOPICAL TERM |
| Topical term or geographic name entry element |
Application software |
| General subdivision |
Development. |
| 650 #0 - SUBJECT ADDED ENTRY--TOPICAL TERM |
| Topical term or geographic name entry element |
Mobile computing. |
| 700 1# - ADDED ENTRY--PERSONAL NAME |
| Personal name |
Griffiths, David, |
| Dates associated with a name |
1969- |
| Relator term |
author. |
| 773 #0 - HOST ITEM ENTRY |
| Title |
Safari Technical Books (Current File) |
| 776 08 - ADDITIONAL PHYSICAL FORM ENTRY |
| Relationship information |
Print version: |
| Main entry heading |
Griffiths, Dawn. |
| Title |
Head first : Android development. |
| Place, publisher, and date of publication |
Beijing, China : O'Reilly, 2015 |
| International Standard Book Number |
9781449362188 |
| 856 40 - ELECTRONIC LOCATION AND ACCESS |
| Uniform Resource Identifier |
<a href="http://www.columbia.edu/cgi-bin/cul/resolve?clio11557494">http://www.columbia.edu/cgi-bin/cul/resolve?clio11557494</a> |
| Public note |
Full text available from Safari Technical Books (Current File) |
| 910 ## - USER-OPTION DATA (OCLC) |
| User-option data |
Serials Solutions original record |
| 942 ## - ADDED ENTRY ELEMENTS (KOHA) |
| Source of classification or shelving scheme |
|
| Koha item type |
Book |